|
|
|
|
| LEADER |
00000nam0a2200000 4500 |
| 001 |
269824 |
| 005 |
20231101234305.0 |
| 010 |
|
|
|a 9785160062136
|
| 035 |
|
|
|a (RuTPU)RU\TPU\book\293002
|
| 090 |
|
|
|a 269824
|
| 100 |
|
|
|a 20140922d2014 k y0rusy50 ca
|
| 101 |
0 |
|
|a rus
|
| 102 |
|
|
|a RU
|
| 105 |
|
|
|a a z 001zy
|
| 200 |
1 |
|
|a Газоаналитическое отображение явлений в производственных процессах
|e монография
|f Н. В. Дараселия, И. В. Швецов
|
| 210 |
|
|
|a Москва
|c Инфра-М
|d 2014
|
| 215 |
|
|
|a 92 с.
|c ил.
|
| 225 |
1 |
|
|a Научная мысль
|
| 225 |
1 |
|
|a Энергетика
|
| 320 |
|
|
|a Библиогр.: с. 81-90.
|
| 330 |
|
|
|a В работе представлены методы оценки производственных процессов на основе регистрации в исследуемой воздушной зоне. Представлены физические модели, отражающие физические и химические изменения, проходящие в технологических системах, при высоких температурах, термодинамическое преобразование энергии, диффузии и газообразования; представлены исследования, которые содержат общее описание методики и изложение результатов работы, а также их интерпретацию. Данная монография представлена как «единописание», которая раскрывает несколько взаимосвязанных научных тем. Издание предназначено для аспирантов, студентов, магистрантов и научных работников энергетического машиностроения и теплоэнергетики.
|
| 606 |
1 |
|
|a Технохимический контроль
|x Организация
|2 stltpush
|3 (RuTPU)RU\TPU\subj\60157
|9 77646
|
| 610 |
1 |
|
|a промышленные предприятия
|
| 610 |
1 |
|
|a производственные процессы
|
| 610 |
1 |
|
|a газоанализаторы
|
| 610 |
1 |
|
|a газоаналитические методы
|
| 610 |
1 |
|
|a газоаналитический контроль
|
| 610 |
1 |
|
|a математическое обоснование
|
| 610 |
1 |
|
|a физико-химические явления
|
| 610 |
1 |
|
|a газовоздушная среда
|
| 610 |
1 |
|
|a контроль
|
| 610 |
1 |
|
|a контрольно-измерительная аппаратура
|
| 610 |
1 |
|
|a изделия
|
| 610 |
1 |
|
|a качество
|
| 610 |
1 |
|
|a монографии
|
| 675 |
|
|
|a 658.562.07
|v 3
|
| 700 |
|
1 |
|a Дараселия
|b Н. В.
|g Николай Владимирович
|
| 701 |
|
1 |
|a Швецов
|b И. В.
|g Игорь Васильевич
|
| 801 |
|
1 |
|a RU
|b 63413507
|c 20140922
|
| 801 |
|
2 |
|a RU
|b 63413507
|c 20150707
|g RCR
|
| 942 |
|
|
|c BK
|
| 959 |
|
|
|a 130/20140919
|d 2
|e 199,90
|f ЧЗТЛ:1
|f АНЛ:1
|